México: del antiguo régimen a la revolución
Saved in:
| Main Author: | |
|---|---|
| Format: | Book |
| Language: | Spanish |
| Published: |
Ciudad de México
Fondo de Cultura Económica
1991
|
| Edition: | 2a. ed |
| Series: | Sección de Obras de Historia
|
| Subjects: | |
| Tags: |
Add Tag
No Tags, Be the first to tag this record!
|
MARC
| LEADER | 00000cam a2200000 a 4500 | ||
|---|---|---|---|
| 001 | UCT4732 | ||
| 003 | CL-VaPUC | ||
| 008 | 961122e19910000MX |||||||||||||||||spa|d | ||
| 020 | |a 9789681629717o.c | ||
| 020 | |a 9789681629724v.1 | ||
| 082 | 0 | 4 | |a 972.081 |b GUE |2 21 |
| 100 | |a Guerra, Francois-Xavier |e author |9 434756 | ||
| 245 | 1 | 0 | |a México: del antiguo régimen a la revolución |
| 250 | |a 2a. ed | ||
| 300 | |a v | ||
| 942 | |c BK | ||
| 945 | |d 19961122 00:00:00 |a rleighto | ||
| 260 | |a Ciudad de México |b Fondo de Cultura Económica |c 1991 | ||
| 600 | 0 | |a Zapata, Emiliano |d 1879-1919 |z México |9 373987 | |
| 600 | 0 | 7 | |a VILLA, FRANCISCO |2 CL-VaPUC |9 373988 |
| 600 | 0 | 7 | |a MADERO, FRANCISCO I |2 CL-VaPUC |9 373989 |
| 650 | 0 | |a Historia |9 255047 | |
| 650 | 0 | |a Revolución mexicana |9 369585 | |
| 650 | 7 | |a SISTEMAS POLITICOS |2 CL-VaPUC |9 373990 | |
| 650 | 0 | |a Sociedad |9 307903 | |
| 650 | 0 | |a Paz |9 259242 | |
| 650 | 0 | |a Estado |9 255503 | |
| 651 | 0 | |a México |9 255269 | |
| 583 | |a last modification |c 20121112 10:26:55 |k Rodrigo Vera | ||
| 490 | 0 | |a Sección de Obras de Historia | |
| 999 | |c 253908 |d 253906 | ||
| 952 | |0 0 |1 0 |4 0 |6 972_081000000000000_GUE_1991 |7 0 |8 A |9 275081 |a BIBHIS |b BIBHIS |d 2019-11-19 |h v.1 |i 3252205 |l 1 |o 972.081 GUE 1991 |p 3252205 |r 2025-01-20 |s 2023-10-11 |w 2019-11-19 |y BK |k HIS | ||
| 952 | |0 0 |1 0 |4 0 |6 972_081000000000000_GUE_1991 |7 0 |8 A |9 275082 |a BIBHIS |b BIBHIS |d 2019-11-19 |h v.2 |i 3252213 |l 1 |o 972.081 GUE 1991 |p 3252213 |r 2025-01-20 |s 2023-10-11 |w 2019-11-19 |y BK |k HIS | ||
| 952 | |0 0 |1 0 |4 0 |6 972_081000000000000_GUE_1991 |7 0 |8 A |9 275083 |a BIBHIS |b BIBHIS |d 2019-11-19 |h v.1 |i 4924169 |l 1 |o 972.081 GUE 1991 |p 4924169 |r 2025-01-20 |s 2023-10-04 |w 2019-11-19 |y BK |k HIS | ||